Dílenská příručka pro opravy motorů SMD

Podrobná bibliografia
Hlavný autor: Verbuk, R.M (Autor)
Ďalší autori: Andronik, Feodosij (Prekladateľ)
Médium: Kniha
Jazyk:neznámy jazyk
Fyzický popis:269 s.
Vydavateľské údaje: Praha SZN 1965
Predmet:

MARC

LEADER 00000nam a2200000 a 4500
001 vtls001357459
003 SK-MaSNL
005 20260301010546.0
008 240314s1965 xx 0 und
035 |a SNK000310956 
040 |a SNK  |b slo  |c SNK  |e AACR2 
072 7 |a 62  |x Technika všeobecne  |2 konspekt 
080 |a 62-8  |2 2001 
100 1 |a Verbuk, R.M.  |4 aut  |9 292552 
245 1 0 |a Dílenská příručka pro opravy motorů SMD  |c R. M. Verbuk [et all.]; přeložil Feodosij Andronik 
260 |a Praha  |b SZN  |c 1965 
300 |a 269 s. 
650 0 7 |a motory  |2 SNKPH  |9 19638 
650 0 7 |a Motors  |2 SNKPHeng  |9 291437 
700 1 |a Andronik, Feodosij  |4 trl  |9 292553 
852 |a Štátna vedecká knižnica v Banskej Bystrici 
958 |a OND 
999 |c 548475  |d 550405 
952 |t P60, <04>, [BOOK], {604}  |a SNK  |b SNK  |y NEVYP  |7 0  |p 17A0184514  |o snkID 38938 D1  |0 0  |1 1  |4 0  |d 1999-03-10  |l 0  |r 2005-01-02 00:00:00  |w 2026-02-23